[Event "2BLS 1819 SV Griesheim - SC Emmendingen"]
[Site "?"]
[Date "2019.03.24"]
[Round "10.3"]
[White "Hera, Imre Jr"]
[Black "Walter, Stefan"]
[Result "1-0"]
[WhiteElo "2605"]
[BlackElo "2401"]
[PlyCount "67"]
[EventDate "2019.??.??"]

1. Nf3 d5 2. g3 e6 3. Bg2 Nf6 4. d3 Be7 5. Nbd2 c5 6. O-O O-O 7. e4 Nc6 8. e5
Nd7 9. Re1 Qc7 10. Qe2 b5 11. Nf1 Bb7 12. h4 Rfc8 13. Bf4 Bf8 14. N1h2 a5 15.
c3 Qd8 16. a4 bxa4 17. Rxa4 Qe8 18. Ng4 Ne7 19. Rea1 Bc6 20. Rxa5 Rxa5 21. Rxa5
Ra8 22. Rxa8 Qxa8 23. h5 Qa1+ 24. Kh2 h6 25. Nh4 Nb6 26. d4 Na4 27. Bxh6 Qb1
28. Bd2 Qxb2 29. Qe3 cxd4 30. cxd4 Nb6 31. Qg5 Nc4 32. Bf4 Kh7 33. h6 g6 34.
Qf6 1-0

[Event "2BLS 1819 SV Griesheim - SC Emmendingen"]
[Site "?"]
[Date "2019.03.24"]
[Round "10.4"]
[White "Baskin, Robert"]
[Black "Baklan, Vladimir"]
[Result "0-1"]
[WhiteElo "2395"]
[BlackElo "2614"]
[PlyCount "70"]
[EventDate "2019.??.??"]

1. e4 e5 2. Nf3 Nc6 3. Bb5 a6 4. Ba4 Nf6 5. O-O Be7 6. Re1 b5 7. Bb3 d6 8. c3
Na5 9. Bc2 c5 10. d4 exd4 11. cxd4 Bg4 12. Nbd2 O-O 13. h3 Bh5 14. b3 Nc6 15.
d5 Nd4 16. Bb2 Nxc2 17. Qxc2 Re8 18. g4 Bg6 19. Nh4 Bxe4 20. Nxe4 Nxe4 21. Rxe4
Bxh4 22. Rae1 Rxe4 23. Qxe4 h6 24. Re3 Bf6 25. Bxf6 Qxf6 26. Rf3 Qd8 27. Re3
Rc8 28. Kg2 Qf6 29. Rf3 Qd4 30. Qf5 Rc7 31. Rd3 Qf6 32. Qxf6 gxf6 33. Rf3 Re7
34. h4 Kg7 35. Rf4 Re2 0-1

[Event "2BLS 1819 SV Griesheim - SC Emmendingen"]
[Site "?"]
[Date "2019.03.24"]
[Round "10.5"]
[White "Korpa, Bence"]
[Black "Spitzl, Vinzent"]
[Result "1-0"]
[WhiteElo "2503"]
[BlackElo "2270"]
[PlyCount "75"]
[EventDate "2019.??.??"]

1. d4 d5 2. Bf4 Nf6 3. e3 Bf5 4. c4 e6 5. Nc3 Be7 6. Qb3 Qc8 7. Rc1 dxc4 8.
Bxc4 Nc6 9. Nge2 O-O 10. f3 Na5 11. Qa4 Nxc4 12. Qxc4 c6 13. e4 Bg6 14. O-O Rd8
15. Rfd1 Nd7 16. Qb3 Nb6 17. a4 Qd7 18. a5 Nc8 19. Na4 b6 20. Qc2 b5 21. Nc5
Bxc5 22. dxc5 Qe8 23. Rxd8 Qxd8 24. Rd1 Qe8 25. Qd2 f6 26. Bc7 e5 27. Qd7 Ne7
28. Bd8 Nd5 29. Rxd5 Rxd8 30. Qxd8 cxd5 31. Qxd5+ Bf7 32. Qd6 Bc4 33. c6 b4 34.
c7 Be6 35. Qxb4 Qd7 36. Qb8+ Kf7 37. Qxa7 Kg6 38. Qc5 1-0

[Event "2BLS 1819 SV Griesheim - SC Emmendingen"]
[Site "?"]
[Date "2019.03.24"]
[Round "10.6"]
[White "Grimm, Julius"]
[Black "Sokolov, Andrei"]
[Result "1/2-1/2"]
[WhiteElo "2308"]
[BlackElo "2497"]
[PlyCount "89"]
[EventDate "2019.??.??"]

1. d4 Nf6 2. c4 e6 3. Nc3 Bb4 4. e3 O-O 5. Bd3 d5 6. Nf3 b6 7. a3 Bxc3+ 8. bxc3
Ba6 9. cxd5 Bxd3 10. Qxd3 Qxd5 11. O-O c5 12. Nd2 Nc6 13. e4 Qd7 14. Nf3 h6 15.
Bf4 Rfd8 16. Rfd1 Qb7 17. Qe3 cxd4 18. cxd4 Ne7 19. Re1 Ng6 20. h3 Rac8 21. Bg3
b5 22. Ne5 Nxe5 23. Bxe5 Nd7 24. Qg3 Nxe5 25. Qxe5 Qb6 26. Rad1 f6 27. Qh5 Rxd4
28. Rxd4 Qxd4 29. Qxb5 Rc2 30. Rf1 Kh7 31. Qb4 Rc4 32. Qe7 Qxe4 33. Qxa7 e5 34.
Qb6 f5 35. Qb1 Kg6 36. Qxe4 Rxe4 37. Rb1 Ra4 38. Rb3 f4 39. g3 Kf5 40. gxf4
Rxf4 41. Kg2 Ra4 42. Rf3+ Ke6 43. Rb3 Kf5 44. Rf3+ Ke6 45. Rb3 1/2-1/2

[Event "2BLS 1819 SV Griesheim - SC Emmendingen"]
[Site "?"]
[Date "2019.03.24"]
[Round "10.7"]
[White "Miezis, Normunds"]
[Black "Grabarczyk, Bogdan"]
[Result "1/2-1/2"]
[WhiteElo "2464"]
[BlackElo "2378"]
[PlyCount "82"]
[EventDate "2019.??.??"]

1. c4 e5 2. Nc3 d6 3. g3 f5 4. d4 Be7 5. Bg2 Nf6 6. Nf3 e4 7. Ng5 c6 8. d5 h6
9. Nh3 Nbd7 10. O-O O-O 11. f3 Ne5 12. b3 Qa5 13. Qd2 cxd5 14. Nxd5 Qc5+ 15.
Ne3 Bd8 16. Rd1 b5 17. Qxd6 Bb6 18. Qxc5 Bxc5 19. Kh1 bxc4 20. Nd5 Bb7 21.
Nxf6+ gxf6 22. Bxh6 Rfd8 23. bxc4 e3 24. Bf4 Nxc4 25. Rdc1 Bd4 26. Rab1 Ba6 27.
Rb3 Nd2 28. Rb4 Bxe2 29. Ng1 Ba6 30. Ra4 Bb5 31. Rb4 Ba6 32. Ra4 Bb5 33. Rb4
Rd5 34. a4 Ba6 35. Rc6 Bb6 36. Bxe3 Bxe3 37. Rxa6 Rc8 38. Re6 Re5 39. Rxe5 fxe5
40. Ne2 Rc2 41. h4 Nc4 1/2-1/2

[Event "2BLS 1819 SV Griesheim - SC Emmendingen"]
[Site "?"]
[Date "2019.03.24"]
[Round "10.8"]
[White "De Visser, Leon"]
[Black "Burri, Quentin"]
[Result "1/2-1/2"]
[WhiteElo "2228"]
[BlackElo "2422"]
[PlyCount "80"]
[EventDate "2019.??.??"]

1. Nf3 d5 2. g3 Nf6 3. Bg2 c6 4. c4 Bf5 5. cxd5 cxd5 6. Qb3 Bc8 7. O-O e6 8. d3
Nc6 9. Bf4 Bd6 10. Bxd6 Qxd6 11. d4 O-O 12. Nc3 Bd7 13. e3 Na5 14. Qc2 Rfc8 15.
Rfc1 b5 16. Qd1 Rab8 17. Ne5 Be8 18. Nd3 b4 19. Na4 Rxc1 20. Rxc1 b3 21. Nac5
bxa2 22. Ra1 Bb5 23. Rxa2 Qb6 24. Qa1 Nc6 25. Bf1 g6 26. h3 a5 27. b3 Bxd3 28.
Bxd3 Nb4 29. Rxa5 Nxd3 30. Nxd3 Qxb3 31. Nc5 Qc2 32. Ra8 Rxa8 33. Qxa8+ Kg7 34.
Qb7 Ne4 35. Nxe4 Qxe4 36. Qe7 h6 37. h4 Qb1+ 38. Kg2 Qe4+ 39. Kg1 Qb1+ 40. Kg2
Qe4+ 1/2-1/2

[Event "2BLS 1819 SF Bad Mergentheim - SC Eppin"]
[Site "?"]
[Date "2019.03.24"]
[Round "10.1"]
[White "Noe, Christopher"]
[Black "Rakotomaharo, Fy Antenaina"]
[Result "1-0"]
[WhiteElo "2525"]
[BlackElo "2409"]
[PlyCount "79"]
[EventDate "2019.??.??"]

1. Nf3 d5 2. d4 Nf6 3. e3 Bf5 4. c4 c6 5. Nc3 e6 6. Nh4 Be4 7. f3 Bg6 8. Qb3
Qc7 9. Bd2 Bd6 10. g3 Nbd7 11. Rc1 a6 12. Kf2 Rc8 13. cxd5 exd5 14. Bh3 O-O 15.
Ne2 Rce8 16. Nf4 Re7 17. Rhe1 Rfe8 18. Nhxg6 hxg6 19. e4 Bxf4 20. Bxf4 Qa5 21.
Qc3 Qb6 22. Bd6 dxe4 23. Bxe7 Rxe7 24. Qd2 g5 25. Bf5 c5 26. Rcd1 g6 27. Bxe4
g4 28. dxc5 Qxc5+ 29. Qd4 Qh5 30. Kg2 b6 31. Bc6 Rxe1 32. Rxe1 Qa5 33. Re2
gxf3+ 34. Bxf3 Kg7 35. Bc6 Qc5 36. Qxc5 Nxc5 37. b4 Ne6 38. Bb7 Nc7 39. a3 Nfe8
40. Bxa6 1-0

[Event "2BLS 1819 SF Bad Mergentheim - SC Eppin"]
[Site "?"]
[Date "2019.03.24"]
[Round "10.2"]
[White "Karpatchev, Aleksandr"]
[Black "Mesaros, Florian"]
[Result "1-0"]
[WhiteElo "2420"]
[BlackElo "2453"]
[PlyCount "65"]
[EventDate "2019.??.??"]

1. e4 e5 2. Bc4 Nc6 3. Nf3 Nf6 4. d3 Bc5 5. O-O d6 6. c3 a6 7. a4 Ba7 8. h3 h6
9. Re1 O-O 10. Nbd2 Ne7 11. Nf1 c6 12. Ng3 Ng6 13. Bb3 Re8 14. d4 Be6 15. Be3
Qc7 16. a5 exd4 17. Bxd4 Bxb3 18. Qxb3 Bxd4 19. cxd4 Re7 20. e5 dxe5 21. dxe5
Nxe5 22. Nxe5 Rxe5 23. Rxe5 Qxe5 24. Qxb7 Rd8 25. Qxa6 Qxb2 26. Qf1 Rd2 27. Nh1
Qd4 28. a6 Qa7 29. Qc4 Kh7 30. Qxc6 Rb2 31. Qc3 Rb6 32. Qe3 g6 33. Qxb6 1-0

[Event "2BLS 1819 SF Bad Mergentheim - SC Eppin"]
[Site "?"]
[Date "2019.03.24"]
[Round "10.3"]
[White "Bilchinski, Anton"]
[Black "Ikonnikov, Vyacheslav"]
[Result "1/2-1/2"]
[WhiteElo "2246"]
[BlackElo "2510"]
[PlyCount "35"]
[EventDate "2019.??.??"]

1. d4 Nf6 2. c4 e6 3. Nc3 Bb4 4. Qc2 d6 5. Nf3 Nbd7 6. Bd2 e5 7. e3 O-O 8. a3
Bxc3 9. Bxc3 Re8 10. Be2 exd4 11. Nxd4 Ne4 12. O-O Nxc3 13. Qxc3 Nf6 14. Qc2
Qe7 15. Rfd1 Bg4 16. Bxg4 Nxg4 17. h3 Nf6 18. Rac1 1/2-1/2

[Event "2BLS 1819 SF Bad Mergentheim - SC Eppin"]
[Site "?"]
[Date "2019.03.24"]
[Round "10.4"]
[White "Kazakovskiy, Valeriy"]
[Black "Hacker, Jonas"]
[Result "1/2-1/2"]
[WhiteElo "2456"]
[BlackElo "2383"]
[PlyCount "117"]
[EventDate "2019.??.??"]

1. d4 d5 2. c4 e6 3. Nf3 Nf6 4. g3 Bb4+ 5. Bd2 Bd6 6. Nc3 O-O 7. Qc2 c5 8. dxc5
Bxc5 9. cxd5 exd5 10. Bg2 Nc6 11. O-O h6 12. Na4 Be7 13. Rfd1 Bg4 14. Rac1 Rc8
15. Qb3 Qd7 16. Bc3 Rfd8 17. Bxf6 Bxf6 18. Nc5 Qe7 19. Nxb7 Re8 20. Qb5 Bxf3
21. Bxf3 Nd4 22. Qxd5 Nxf3+ 23. exf3 Rxc1 24. Rxc1 Bxb2 25. Rc4 Qe6 26. Qxe6
Rxe6 27. Nd8 Rb6 28. Nc6 Bf6 29. a4 a6 30. f4 Kf8 31. Kg2 Ke8 32. Ne5 Bxe5 33.
fxe5 h5 34. Rc5 Kd7 35. h3 g6 36. Ra5 Ke6 37. Kf3 Rb4 38. Ke3 h4 39. Kf3 hxg3
40. Kxg3 Kf5 41. f3 Rc4 42. Rxa6 Kxe5 43. Ra7 f6 44. h4 Kf5 45. Ra5+ Ke6 46.
Ra8 Kf5 47. a5 Ra4 48. a6 Ra2 49. a7 Ra3 50. Kf2 Kf4 51. Rf8 Ra2+ 52. Kg1 Rxa7
53. Rxf6+ Kg3 54. Rxg6+ Kxf3 55. Kh2 Kf4 56. Rg3 Kf5 57. Kh3 Kf6 58. h5 Rg7 59.
Rg4 1/2-1/2

[Event "2BLS 1819 SF Bad Mergentheim - SC Eppin"]
[Site "?"]
[Date "2019.03.24"]
[Round "10.5"]
[White "Gibicar, Danijel"]
[Black "Gasthofer, Alexander"]
[Result "1/2-1/2"]
[WhiteElo "2267"]
[BlackElo "2418"]
[PlyCount "30"]
[EventDate "2019.??.??"]

1. e4 e6 2. d4 d5 3. Nc3 dxe4 4. Nxe4 Nd7 5. Bd3 Ngf6 6. Qe2 c5 7. Nxf6+ Nxf6
8. dxc5 Bxc5 9. Bd2 O-O 10. O-O-O e5 11. Qxe5 Bd4 12. Qa5 Bxf2 13. Nf3 Qxa5 14.
Bxa5 Be6 15. Rhf1 Bc5 {½-½} 1/2-1/2

[Event "2BLS 1819 SF Bad Mergentheim - SC Eppin"]
[Site "?"]
[Date "2019.03.24"]
[Round "10.6"]
[White "Ivanov, Mikhail M"]
[Black "Hamid, Emran"]
[Result "1/2-1/2"]
[WhiteElo "2383"]
[BlackElo "2172"]
[PlyCount "103"]
[EventDate "2019.??.??"]

1. d4 Nf6 2. Nf3 e6 3. Bf4 c5 4. e3 cxd4 5. exd4 b6 6. c3 Bb7 7. Nbd2 Be7 8. a4
O-O 9. a5 d6 10. a6 Bc6 11. Be2 Nbd7 12. O-O Qc7 13. h3 Rfe8 14. Bh2 Bf8 15. c4
Rad8 16. b4 Bxf3 17. Nxf3 e5 18. d5 g6 19. Qa4 Bg7 20. Qc6 Rc8 21. Qxc7 Rxc7
22. Rfd1 Nh5 23. Nd2 Nf4 24. Bf1 f5 25. Nb1 g5 26. Na3 Nf6 27. Nb5 Rd7 28. Ra2
Rc8 29. f3 Kf7 30. Bg3 Bf8 31. Bf2 g4 32. hxg4 fxg4 33. Nxa7 Rxa7 34. Bxb6 Raa8
35. b5 gxf3 36. gxf3 Be7 37. Be3 Rg8+ 38. Kh1 Bd8 39. b6 Bxb6 40. Bxb6 N6h5 41.
a7 Ng3+ 42. Kh2 Rg5 43. Bd8 Rxd8 44. a8=Q Rxa8 45. Rxa8 Nf5 46. Rb1 Rh5+ 47.
Kg1 Nd4 48. Rb7+ Kg6 49. Rg8+ Kf6 50. Bg2 Nf5 51. Rd7 Nd3 52. Rdd8 1/2-1/2

[Event "2BLS 1819 SF Bad Mergentheim - SC Eppin"]
[Site "?"]
[Date "2019.03.24"]
[Round "10.7"]
[White "Bay, Nicolai"]
[Black "Reinhardt, Bernd"]
[Result "0-1"]
[WhiteElo "1998"]
[BlackElo "2170"]
[PlyCount "84"]
[EventDate "2019.??.??"]

1. e4 b6 2. d4 Bb7 3. Bd3 e6 4. Nf3 d6 5. c4 c5 6. d5 e5 7. Nc3 g6 8. Be3 Bg7
9. Qe2 Nf6 10. Nd2 Nh5 11. g3 O-O 12. O-O-O Na6 13. a3 Nc7 14. Ndb1 a6 15. a4
Bc8 16. h4 Qe8 17. Na3 Bd7 18. b3 f5 19. exf5 gxf5 20. Qc2 e4 21. Be2 Be5 22.
Rdg1 Nf6 23. Bh6 Rf7 24. f3 exf3 25. Bxf3 b5 26. axb5 axb5 27. Nab1 bxc4 28.
bxc4 Na6 29. Na2 Rb8 30. Nbc3 Nb4 31. Nxb4 cxb4 32. Nb1 b3 33. Qd3 Qd8 34. Bf4
b2+ 35. Kd2 Qa5+ 36. Ke2 Qa2 37. Nd2 Ng4 38. Rb1 Re7 39. Kf1 Bxf4 40. gxf4 Re3
41. Qc2 Rxf3+ 42. Ke2 Rf2+ 0-1

[Event "2BLS 1819 SF Bad Mergentheim - SC Eppin"]
[Site "?"]
[Date "2019.03.24"]
[Round "10.8"]
[White "Raps, Johannes"]
[Black "Reimold, Jonas"]
[Result "1/2-1/2"]
[WhiteElo "2139"]
[BlackElo "2048"]
[PlyCount "34"]
[EventDate "2019.??.??"]

1. d4 f5 2. c4 Nf6 3. Nc3 g6 4. g3 Bg7 5. Bg2 d6 6. Nf3 O-O 7. O-O Qe8 8. Qb3
c6 9. Bf4 h6 10. Rae1 g5 11. Bc1 Qg6 12. h4 g4 13. Nh2 Nh5 14. e3 e5 15. c5+
Kh8 16. cxd6 e4 17. Bd2 Rd8 1/2-1/2

[Event "2BLS 1819 SV Jedesheim - FB Mörlenbach"]
[Site "?"]
[Date "2019.03.24"]
[Round "10.1"]
[White "Kunin, Vitaly"]
[Black "Krassowizkij, Jaroslaw"]
[Result "1/2-1/2"]
[WhiteElo "2513"]
[BlackElo "2463"]
[PlyCount "36"]
[EventDate "2019.??.??"]

1. d4 Nf6 2. Nf3 d5 3. c4 e6 4. Nc3 a6 5. cxd5 exd5 6. Bf4 Bd6 7. Bg3 O-O 8. e3
Bf5 9. Nh4 Be6 10. Bd3 c5 11. Bxd6 Qxd6 12. dxc5 Qxc5 13. Nf3 Bg4 14. Be2 Nc6
15. O-O Rfd8 16. h3 Bxf3 17. Bxf3 d4 18. exd4 Rxd4 1/2-1/2

[Event "2BLS 1819 SV Jedesheim - FB Mörlenbach"]
[Site "?"]
[Date "2019.03.24"]
[Round "10.2"]
[White "Heidenfeld, Mark"]
[Black "Galdunts, Sergey"]
[Result "1/2-1/2"]
[WhiteElo "2356"]
[BlackElo "2418"]
[PlyCount "31"]
[EventDate "2019.??.??"]

1. e4 e5 2. Nf3 Nc6 3. Bb5 a6 4. Bxc6 dxc6 5. O-O f6 6. d4 Bg4 7. dxe5 Qxd1 8.
Rxd1 fxe5 9. Rd3 Bd6 10. Nbd2 Nf6 11. Nc4 O-O 12. Nfxe5 Be2 13. Rd2 Bxc4 14.
Nxc4 Nxe4 15. Re2 Rae8 16. Be3 1/2-1/2

[Event "2BLS 1819 SV Jedesheim - FB Mörlenbach"]
[Site "?"]
[Date "2019.03.24"]
[Round "10.3"]
[White "Dittmar, Peter"]
[Black "Anistratov, Dmitriy"]
[Result "0-1"]
[WhiteElo "2234"]
[BlackElo "2297"]
[PlyCount "88"]
[EventDate "2019.??.??"]

1. d4 d6 2. e4 Nf6 3. Nc3 Nbd7 4. g3 e5 5. Nge2 Be7 6. Bg2 c6 7. a4 b6 8. O-O
a6 9. h3 h5 10. f4 Bb7 11. Be3 Qc7 12. Qd2 O-O 13. fxe5 dxe5 14. Rf5 Rfd8 15.
d5 Nf8 16. Raf1 Rd7 17. Qe1 b5 18. Qf2 Ng6 19. Bb6 Qc8 20. axb5 axb5 21. dxc6
Bxc6 22. Nc1 Ra6 23. Be3 b4 24. Nd5 Nxd5 25. exd5 Bxd5 26. Bxd5 Rxd5 27. Rxf7
Rf6 28. Rxf6 Bxf6 29. Qf3 Rd8 30. Qe4 Ne7 31. Kh2 Nd5 32. Bg1 h4 33. Qg4 Qxc2+
34. Kh1 hxg3 35. Qxg3 Nf4 36. Be3 Rd1 37. Rxd1 Qxd1+ 38. Kh2 Qc2+ 39. Qf2 Qf5
40. Qf1 Qc2+ 41. Qf2 Qe4 42. Bxf4 exf4 43. Qc5 f3 44. Qc8+ Kh7 0-1

[Event "2BLS 1819 SV Jedesheim - FB Mörlenbach"]
[Site "?"]
[Date "2019.03.24"]
[Round "10.4"]
[White "Trussevich, Sergey"]
[Black "Legde, Georg"]
[Result "1-0"]
[WhiteElo "2269"]
[BlackElo "2317"]
[PlyCount "101"]
[EventDate "2019.??.??"]

1. Nf3 Nf6 2. c4 e6 3. e3 b6 4. a3 Bb7 5. Be2 c5 6. b3 Be7 7. Bb2 O-O 8. O-O d6
9. Nc3 Nbd7 10. Re1 a6 11. d4 Ne4 12. Qc2 Ndf6 13. Rad1 Qc7 14. Bf1 Rac8 15. d5
Nxc3 16. Qxc3 Ne8 17. Qc2 e5 18. e4 g6 19. Bc1 Ng7 20. Ng5 Rce8 21. f4 exf4 22.
Bxf4 Nh5 23. Bc1 Bc8 24. Be2 Qd8 25. Nf3 Bf6 26. Bh6 Bg7 27. Bg5 Bf6 28. Be3
Bg4 29. Bd3 Bg7 30. Qd2 Nf6 31. Bg5 Qc8 32. Bf4 Qd8 33. e5 dxe5 34. Rxe5 Rxe5
35. Bxe5 Re8 36. Bc3 Ne4 37. Bxe4 Rxe4 38. Bxg7 Kxg7 39. Rf1 Bxf3 40. Qc3+ Qf6
41. Qxf6+ Kxf6 42. Rxf3+ Ke7 43. Kf2 f5 44. Rh3 h5 45. Re3 Kf6 46. Rxe4 fxe4
47. Ke3 Ke5 48. g3 a5 49. a4 Kf5 50. h3 Ke5 51. g4 1-0

[Event "2BLS 1819 SV Jedesheim - FB Mörlenbach"]
[Site "?"]
[Date "2019.03.24"]
[Round "10.5"]
[White "Boehmer, Christian"]
[Black "Matt, Fabian"]
[Result "0-1"]
[WhiteElo "2152"]
[BlackElo "2283"]
[PlyCount "106"]
[EventDate "2019.??.??"]

1. c4 Nf6 2. Nc3 d6 3. g3 g6 4. Bg2 Bg7 5. d3 O-O 6. e4 c5 7. Nge2 Nc6 8. h3 a6
9. Be3 Rb8 10. f4 Bd7 11. O-O b5 12. Qd2 Ne8 13. cxb5 axb5 14. d4 b4 15. Nd1
cxd4 16. Nxd4 Nc7 17. Rc1 Nxd4 18. Bxd4 Bxd4+ 19. Qxd4 Ne6 20. Qd2 Qa5 21. f5
Nc5 22. f6 exf6 23. Qxd6 Rbc8 24. Ne3 Be6 25. Nd5 Bxd5 26. exd5 f5 27. Qe7 Rfe8
28. Qh4 Ne4 29. Rxc8 Rxc8 30. Bxe4 Rc4 31. Qf6 Qc5+ 32. Rf2 Rxe4 33. Qd8+ Kg7
34. Kg2 Re1 35. Qa8 Qe7 36. d6 Qxd6 37. Qf3 Qe6 38. a3 Re3 39. Qb7 bxa3 40.
bxa3 Qe5 41. Rf3 Re2+ 42. Rf2 Rxf2+ 43. Kxf2 Qc5+ 44. Kf1 Qxa3 45. Qc7 Qb2 46.
h4 h6 47. Qc5 Qf6 48. Kg2 f4 49. gxf4 Qxh4 50. Qc7 h5 51. Kg1 Qg3+ 52. Kh1 Qe3
53. Kg2 h4 0-1

[Event "2BLS 1819 SV Jedesheim - FB Mörlenbach"]
[Site "?"]
[Date "2019.03.24"]
[Round "10.6"]
[White "Georgescu, Lena"]
[Black "Felgendreher, Heiko"]
[Result "1/2-1/2"]
[WhiteElo "2185"]
[BlackElo "2216"]
[PlyCount "56"]
[EventDate "2019.??.??"]

1. e4 c5 2. Nf3 d6 3. d4 cxd4 4. Nxd4 Nf6 5. Nc3 a6 6. Bg5 Nbd7 7. Qe2 h6 8.
Bh4 g6 9. f4 e5 10. fxe5 dxe5 11. O-O-O Be7 12. Nb3 b5 13. Qf3 b4 14. Bxf6 Bxf6
15. Nd5 Rb8 16. Bc4 O-O 17. Kb1 Bg5 18. Rhf1 Nb6 19. Nxb6 Qxb6 20. g3 h5 21.
Qg2 Kg7 22. h4 Be7 23. Nc1 a5 24. Nd3 Qc7 25. Bd5 a4 26. Qd2 Bg4 27. Rc1 f6 28.
c3 bxc3 1/2-1/2

[Event "2BLS 1819 SV Jedesheim - FB Mörlenbach"]
[Site "?"]
[Date "2019.03.24"]
[Round "10.7"]
[White "Klings, Peter"]
[Black "Roemer, Ulrich"]
[Result "0-1"]
[WhiteElo "2088"]
[BlackElo "2193"]
[PlyCount "90"]
[EventDate "2019.??.??"]

1. e4 c5 2. Nf3 d6 3. c3 Nf6 4. h3 g6 5. Bd3 Nc6 6. O-O Bg7 7. Re1 O-O 8. Bf1
Rb8 9. d4 Nd7 10. Na3 a6 11. Nc2 b5 12. a3 Bb7 13. Bg5 cxd4 14. cxd4 Rc8 15.
Bd2 Na5 16. Bc3 Nc4 17. Bd3 Ndb6 18. Ne3 Nxe3 19. Rxe3 Na4 20. Qe1 Nxc3 21.
bxc3 Bh6 22. Re2 Qa5 23. Rc2 Qa4 24. Rb2 Qa5 25. Rb4 Bc6 26. c4 bxc4 27. Bxc4
Bb5 28. Bb3 Rc7 29. e5 Rfc8 30. exd6 Rc1 31. Rxc1 Rxc1 32. Bd1 exd6 33. a4 Rxd1
34. Qxd1 Qxb4 35. axb5 Qxb5 36. Qe1 a5 37. Qe7 Bf8 38. Qa7 a4 39. h4 h6 40. Kh2
Qb3 41. Qa5 Be7 42. h5 g5 43. Qf5 a3 44. d5 Qb2 45. Qc8+ Kg7 0-1

[Event "2BLS 1819 SV Jedesheim - FB Mörlenbach"]
[Site "?"]
[Date "2019.03.24"]
[Round "10.8"]
[White "Bossinger, Patrick"]
[Black "Eich, Luca"]
[Result "1-0"]
[WhiteElo "2005"]
[BlackElo "1718"]
[PlyCount "41"]
[EventDate "2019.??.??"]

1. e4 c5 2. Nf3 g6 3. d4 cxd4 4. Qxd4 Nf6 5. Nc3 Nc6 6. Qa4 Bg7 7. e5 Ng8 8.
Bf4 f6 9. exf6 Nxf6 10. Bc4 d6 11. O-O-O Bd7 12. Qa3 Qa5 13. Qb3 O-O-O 14. Rhe1
e5 15. Bd2 Qb4 16. Nb5 Qxb3 17. Nxd6+ Kc7 18. Bxb3 Kxd6 19. Bh6+ Ke7 20. Bxg7
Rhe8 21. Nxe5 1-0

[Event "2BLS 1819 TSV Schönaich - SG Speyer-Sc"]
[Site "?"]
[Date "2019.03.24"]
[Round "10.1"]
[White "Oleksiyenko, Mykhaylo"]
[Black "Saric, Ante"]
[Result "1-0"]
[WhiteElo "2590"]
[BlackElo "2540"]
[PlyCount "55"]
[EventDate "2019.??.??"]

1. e4 e6 2. d4 d5 3. Nd2 c5 4. Ngf3 cxd4 5. Nxd4 Nf6 6. e5 Nfd7 7. Bb5 a6 8.
Bxd7+ Bxd7 9. O-O Nc6 10. N2f3 Be7 11. c3 Rc8 12. Re1 Na5 13. a4 h5 14. Qd2 h4
15. h3 Rh5 16. b3 Qc7 17. Re3 Bc5 18. Ba3 Nxb3 19. Nxb3 Bxe3 20. Qxe3 f6 21.
Nc5 fxe5 22. Rb1 b5 23. Ng5 e4 24. axb5 Bxb5 25. Ncxe6 Qe5 26. Rxb5 axb5 27.
Qa7 Qf6 28. Nxg7+ 1-0

[Event "2BLS 1819 TSV Schönaich - SG Speyer-Sc"]
[Site "?"]
[Date "2019.03.24"]
[Round "10.2"]
[White "Hirneise, Tobias"]
[Black "Abasov, Nijat"]
[Result "1-0"]
[WhiteElo "2447"]
[BlackElo "2627"]
[PlyCount "55"]
[EventDate "2019.??.??"]

1. e4 c6 2. d4 d5 3. Nc3 dxe4 4. Nxe4 Nf6 5. Nxf6+ exf6 6. c3 Bd6 7. Bd3 O-O 8.
Qc2 h6 9. Ne2 Qc7 10. h3 Nd7 11. O-O b5 12. Ng3 Nb6 13. Nh5 Nd5 14. Bd2 Re8 15.
b3 Be6 16. f4 f5 17. Bxf5 Bxf5 18. Qxf5 g6 19. Qg4 Kh8 20. Ng3 Ne3 21. Bxe3
Rxe3 22. c4 f5 23. Qxg6 Bxf4 24. Qf6+ Kh7 25. Qxf5+ Kh8 26. Qf6+ Kh7 27. Rxf4
Rxg3 28. Re1 1-0

[Event "2BLS 1819 TSV Schönaich - SG Speyer-Sc"]
[Site "?"]
[Date "2019.03.24"]
[Round "10.3"]
[White "Kantans, Toms"]
[Black "Hirneise, Jens"]
[Result "1/2-1/2"]
[WhiteElo "2513"]
[BlackElo "2373"]
[PlyCount "109"]
[EventDate "2019.??.??"]

1. e4 c5 2. Nf3 Nc6 3. d4 cxd4 4. Nxd4 Nf6 5. Nc3 d6 6. Bg5 e6 7. Qd2 a6 8.
O-O-O Bd7 9. f4 h6 10. Bh4 b5 11. Bxf6 gxf6 12. Kb1 Qb6 13. Nxc6 Bxc6 14. f5
O-O-O 15. Qf4 Be7 16. Qg4 Rdg8 17. Qh3 Bd7 18. Ne2 Qc5 19. Nf4 Kb8 20. Qb3 Rc8
21. a4 Rc7 22. Bd3 Rb7 23. axb5 Bxb5 24. fxe6 Qe5 25. Rhf1 Bxd3 26. Nxd3 Qxe4
27. Qa2 fxe6 28. Rf4 Qxg2 29. Qxe6 Qg8 30. Qe2 a5 31. Ra4 Qg5 32. Re4 f5 33.
Ra4 Bd8 34. Qe6 Bc7 35. h4 Qh5 36. Rf1 Rf8 37. b3 Qe8 38. Qxe8+ Rxe8 39. Rxf5
Bd8 40. Rd4 Rb6 41. Nb2 Rc6 42. Nc4 Rc5 43. Rf7 d5 44. Rf5 Re1+ 45. Kb2 a4 46.
Rdxd5 Rxd5 47. Rxd5 Bf6+ 48. c3 Re2+ 49. Ka3 axb3 50. Kxb3 Bxh4 51. Ne5 Bg3 52.
Ng4 Re6 53. Kc4 Re4+ 54. Rd4 Rxd4+ 55. Kxd4 1/2-1/2

[Event "2BLS 1819 TSV Schönaich - SG Speyer-Sc"]
[Site "?"]
[Date "2019.03.24"]
[Round "10.4"]
[White "Menezes, Christoph"]
[Black "Shytaj, Luca"]
[Result "0-1"]
[WhiteElo "2397"]
[BlackElo "2479"]
[PlyCount "124"]
[EventDate "2019.??.??"]

1. Nf3 Nf6 2. c4 e6 3. g3 a6 4. Bg2 b5 5. b3 Bb7 6. O-O d5 7. Bb2 Nbd7 8. cxd5
exd5 9. e3 c5 10. Nc3 Nb6 11. a4 b4 12. Ne2 a5 13. Ne5 Rc8 14. g4 Nfd7 15. Ng3
Nxe5 16. Bxe5 f6 17. Bb2 Qd7 18. g5 fxg5 19. Qh5+ g6 20. Qxg5 Bg7 21. Bxg7 Qxg7
22. Bh3 Rc7 23. f4 O-O 24. Rac1 Qf6 25. Qh6 c4 26. Ne2 Re7 27. Nd4 c3 28. dxc3
Rxe3 29. f5 Rxc3 30. Rcd1 gxf5 31. Qxf6 Rxf6 32. Bxf5 Kg7 33. Rde1 Ba6 34. Rf2
Bd3 35. Re7+ Kf8 36. Rxh7 Bxf5 37. Nxf5 Rg6+ 38. Ng3+ Kg8 39. Rb7 d4 40. Re2
Rc8 41. Rd2 Rd8 42. Ra7 Rd5 43. Kf2 Nd7 44. Ra8+ Kf7 45. Ra7 Rc6 46. Ne2 Rf6+
47. Kg2 d3 48. Ng3 Rf4 49. Nh5 Rfd4 50. Ng3 Ke6 51. Ra6+ Ke5 52. Rh6 Nc5 53.
Rf2 Rg4 54. h3 Rxg3+ 55. Kxg3 Ne4+ 56. Kg2 d2 57. Rh5+ Kd4 58. Rxd5+ Kxd5 59.
Rf1 Nc3 60. Kf3 d1=Q+ 61. Rxd1+ Nxd1 62. h4 Nc3 0-1

[Event "2BLS 1819 TSV Schönaich - SG Speyer-Sc"]
[Site "?"]
[Date "2019.03.24"]
[Round "10.5"]
[White "Nemeth, Miklos"]
[Black "Wenninger, Philipp"]
[Result "1/2-1/2"]
[WhiteElo "2491"]
[BlackElo "2387"]
[PlyCount "70"]
[EventDate "2019.??.??"]

1. e4 c5 2. Nf3 d6 3. d4 cxd4 4. Nxd4 Nf6 5. Nc3 a6 6. Bg5 e6 7. f4 Qb6 8. Qd3
Qxb2 9. Rb1 Qa3 10. f5 Be7 11. Be2 Qc5 12. Be3 Qc7 13. g4 O-O 14. fxe6 Bxe6 15.
Nxe6 fxe6 16. g5 Nfd7 17. Qc4 Nc5 18. Bxc5 Qxc5 19. Qxc5 dxc5 20. Rxb7 Bxg5 21.
Bc4 Nc6 22. Bxe6+ Kh8 23. Rd7 Nd4 24. Bb3 Rae8 25. Bf7 Rb8 26. O-O Rb2 27. e5
Rxc2 28. Ne4 Bf4 29. Rxf4 Ne2+ 30. Kf2 Nxf4+ 31. Ke3 Ng2+ 32. Kd3 Ne1+ 33. Ke3
Ng2+ 34. Kd3 Ne1+ 35. Ke3 Ng2+ 1/2-1/2

[Event "2BLS 1819 TSV Schönaich - SG Speyer-Sc"]
[Site "?"]
[Date "2019.03.24"]
[Round "10.6"]
[White "Lorscheid, Gerhard"]
[Black "Horvath, Adam"]
[Result "0-1"]
[WhiteElo "2208"]
[BlackElo "2520"]
[PlyCount "60"]
[EventDate "2019.??.??"]

1. Nf3 c5 2. c4 Nc6 3. Nc3 e5 4. g3 g6 5. Bg2 Bg7 6. d3 Nge7 7. Nd2 a6 8. Nde4
d6 9. Bg5 h6 10. Bf6 O-O 11. Qd2 Bxf6 12. Nxf6+ Kg7 13. Nfd5 Rb8 14. Rb1 b5 15.
cxb5 axb5 16. b4 cxb4 17. Nxb4 Nxb4 18. Rxb4 Qa5 19. Qb2 Bb7 20. Bxb7 Rxb7 21.
a4 Nc6 22. Rxb5 Rxb5 23. axb5 Nd4 24. Kd2 Rb8 25. Qa2 Qxa2+ 26. Nxa2 Rxb5 27.
Nc1 Rb2+ 28. Kd1 Nb5 29. f3 Nc3+ 30. Ke1 Nxe2 0-1